| 000 | 00733nam a2200229Ii 4500 | ||
|---|---|---|---|
| 003 | JO-AjNU | ||
| 008 | 230605s9999||||xx |||||||||||||| ||und|| | ||
| 017 | _a2017/1/43 | ||
| 020 | _a978-9957-242-74-9 | ||
| 040 |
_aJO-AjNU _bara _erda _cJO-AjNU |
||
| 041 | _aara | ||
| 050 | 1 | 4 | _aLB2805.N32 2019 |
| 100 | 3 |
_aنبهان، يحيى محمد, _eauthor _959914 |
|
| 245 | 0 | 0 | _aالإدارة التربوية بين الواقع والنظرية |
| 250 | _aط1 | ||
| 264 | 3 | 1 | _aعمان: دار صفاء للنشر والتوزيع، 2019 |
| 300 | _a223ص | ||
| 336 |
_atext _btxt _2rdacontent |
||
| 337 |
_aunmediated _bn _2rdamedia |
||
| 338 |
_avolume _bnc _2rdacarrier |
||
| 650 | 4 |
_aالإدارة التربوية _959915 |
|
| 999 |
_aA26986 _c30554 _d30554 |
||